000 00308nam a22001097a 4500
999 _c11723
_d11723
003 OSt
005 20230717184423.0
008 230717b ||||| |||| 00| 0 eng d
245 _aEco Housing - Guidelines for Tropical Regions
260 _aBangkok Thailand
_bUnited nations environment programme
942 _2ddc